| 000 -CABECERA |
| Longitud fija campo de control |
00994nas a22002657a 4500 |
| 003 - IDENTIFICADOR DEL NÚMERO DE CONTROL |
| Identificador del número de control |
OSt |
| 005 - FECHA Y HORA DE LA ÚLTIMA TRANSACCIÓN |
| Fecha y hora de la última transacción |
20151125121533.0 |
| 008 - CÓDIGOS DE INFORMACIÓN DE LONGITUD FIJA |
| Códigos de información de longitud fija |
130704c1998 sp b|||| |||| 00| 0 spa d |
| 022 ## - NÚMERO INTERNACIONAL NORMALIZADO PARA PUBLICACIONES SERIADAS |
| Número Internacional Normalizado para Publicaciones Seriadas |
1386-6710 |
| 040 ## - FUENTE DE LA CATALOGACIÓN |
| Centro transcriptor |
CDMR |
| Lengua de catalogación |
cat |
| 240 ## - TÍTULO UNIFORME |
| Título uniforme |
<a href="Profesional de la información">Profesional de la información</a> |
| 245 03 - MENCIÓN DE TÍTULO |
| Título |
El Profesional de la información |
| 246 ## - VARIANTES DE TÍTULO |
| Título propio / Título en breve |
EPI |
| 260 ## - PUBLICACIÓN, DISTRIBUCIÓN, ETC. (PIE DE IMPRENTA) |
| Lugar de publicación, distribución, etc. |
Barcelona |
| Nombre del editor, distribuidor, etc. |
Swets & Zeitlinger |
| Fecha de publicación, distribución, etc. |
1998- |
| 300 ## - DESCRIPCIÓN FÍSICA |
| Extensión |
v. |
| Dimensiones |
cm. |
| 310 ## - PERIODICIDAD ACTUAL |
| Periodicidad actual |
Bimestral |
| 362 ## - FECHAS DE PUBLICACIÓN Y/O DESIGNACIÓN SECUENCIAL |
| Fecha de publicación y/o designación secuencial |
Vol. 7, núm. 1-2 (gen. 1998) - |
| 500 ## - NOTA GENERAL |
| Nota general |
Continua la numeració de: Information world en español |
| 650 04 - PUNTO DE ACCESO ADICIONAL DE MATERIA - TÉRMINO DE MATERIA |
| 9 (RLIN) |
4578 |
| Término de materia o nombre geográfico como elemento inicial |
Comunicació en biblioteconomia |
| 650 04 - PUNTO DE ACCESO ADICIONAL DE MATERIA - TÉRMINO DE MATERIA |
| 9 (RLIN) |
4579 |
| Término de materia o nombre geográfico como elemento inicial |
Comunicació en ciències de la informació |
| 740 ## - PUNTO DE ACCESO ADICIONAL - TÍTULO RELACIONADO O ANALÍTICO NO CONTROLADO |
| Título relacionado o analítico no controlado |
Information world en español |
| 856 40 - LOCALIZACIÓN Y ACCESO ELECTRÓNICO |
| Identificador Uniforme del Recurso (URI) |
<a href="http://www.elprofesionaldelainformacion.com/contenidos.html">http://www.elprofesionaldelainformacion.com/contenidos.html</a> |
| Texto del enlace |
Disponible en línia |
| Nota pública |
(últims 3 anys restringits a subscriptors) |
| 856 40 - LOCALIZACIÓN Y ACCESO ELECTRÓNICO |
| Identificador Uniforme del Recurso (URI) |
<a href="http://dialnet.unirioja.es/servlet/revista?codigo=469">http://dialnet.unirioja.es/servlet/revista?codigo=469</a> |
| Texto del enlace |
Sumaris disponibles en línia (Dialnet) |
| 942 ## - ENTRADA DE ELEMENTOS AGREGADOS (KOHA) |
| Fuente de clasificaión o esquema |
|
| Koha [por defecto] tipo de item |
Publicacions periòdiques |
| Marca de registro de periódicas |
1 |